000 00628nam a2200181 i 4500
001 129453
003 ES-MaACL
005 20230906193513.0
007 t|
008 070615s1914 sp ||||1| spa d
100 1 _aTerry y Rivas, Antonio.
_9109807
245 1 0 _aEjercicios de Geometría /
_cAntonio Terry Rivas ; quinta edición corregida y adaptada a los nuevos programas por M. Durán.
260 _aMadrid :
_b[s.n.],
_c1914 (
_fImp. Julián Palacios)
300 _aIII, 96 p. :
_bil. ;
_c24 cm.
650 1 4 _aGeometría-
_vProblemas.
_913098
700 1 _aDurán Walkiushaw, Miguel.
_946239
852 _aES-MaACL
_jF-5678
999 _c129453
_d129453